Evaluación educativa 1: un proceso de diálogo, comprensión y mejora
Gespeichert in:
| 1. Verfasser: | |
|---|---|
| Format: | Buch |
| Sprache: | Spanisch |
| Veröffentlicht: |
La Plata
Magisterio del Río de La Plata
1996
|
| Ausgabe: | 2a. ed |
| Schriftenreihe: | Colección Respuestas Educativas
|
| Schlagworte: | |
| Tags: |
Tag hinzufügen
Keine Tags, Fügen Sie den ersten Tag hinzu!
|
MARC
| LEADER | 00000cam a2200000 a 4500 | ||
|---|---|---|---|
| 001 | UCL6006 | ||
| 003 | CL-VaPUC | ||
| 008 | 040326e19960000AG |||||||||||||||||spa|d | ||
| 020 | |a 9505501935 | ||
| 082 | 0 | 4 | |a 371.26 |b SAN |2 21 |
| 100 | 0 | |a Santos Guerra, Miguel Angel |e author |9 483761 | |
| 245 | 1 | 0 | |a Evaluación educativa 1: un proceso de diálogo, comprensión y mejora |
| 250 | |a 2a. ed | ||
| 300 | |a 127 p | ||
| 942 | |c BK | ||
| 945 | |d 20040326 00:00:00 |a cmena | ||
| 260 | |a La Plata |b Magisterio del Río de La Plata |c 1996 | ||
| 650 | 0 | |a Evaluación de la educación |9 237505 | |
| 650 | 0 | |a Investigación educacional |9 261192 | |
| 650 | 0 | |a Ética |9 255099 | |
| 583 | |a last modification |c 20130122 09:46:44 |k Rodrigo Vera | ||
| 490 | 0 | |a Colección Respuestas Educativas | |
| 999 | |c 308315 |d 308313 | ||
| 952 | |0 0 |1 0 |4 0 |6 371_260000000000000_SAN_1996 |7 0 |8 A |9 374700 |a BIBEDU |b BIBEDU |d 2019-11-21 |i 3998541 |o 371.26 SAN 1996 |p 3998541 |r 2019-11-21 |w 2019-11-21 |y BK |k EBA | ||
| 952 | |0 0 |1 0 |4 0 |6 371_260000000000000_SAN_1996 |7 0 |8 A |9 374701 |a BIBEDU |b BIBEDU |d 2019-11-21 |i 4619951 |l 1 |o 371.26 SAN 1996 |p 4619951 |r 2024-11-25 |s 2024-11-18 |w 2019-11-21 |y BK |k EPE | ||
| 952 | |0 0 |1 0 |4 0 |6 371_260000000000000_SAN_1996 |7 0 |8 A |9 374702 |a BIBMAT |b BIBMAT |c E_DIDACT |d 2019-11-21 |i 4948033 |o 371.26 SAN 1996 |p 4948033 |r 2025-01-07 |w 2019-11-21 |y BK |k MAT | ||